[Event "Box Hill op"]
[Site "Box Hill"]
[Date "2019.11.29"]
[Round "6"]
[White "Zou, Brendan"]
[Black "Menezes, Eric"]
[Result "1/2-1/2"]
[WhiteElo "2029"]
[BlackElo "1562"]
[PlyCount "87"]
[EventDate "2019.10.18"]
[EventType "swiss"]
[EventRounds "9"]
[EventCountry "AUS"]
[SourceTitle "EXT 2021"]
[Source "ChessBase"]
[SourceDate "2020.10.23"]
[SourceVersion "1"]
[SourceVersionDate "2020.10.23"]
[SourceQuality "1"]

1. d4 e6 2. Nc3 f5 3. e4 fxe4 4. Nxe4 Nf6 5. Bg5 Be7 6. Bxf6 Bxf6 7. Qh5+ g6 8. Qh6 Nc6 9. Nf3 Qe7 10. Nxf6+ Qxf6 11. 0-0-0 b6 12. d5 exd5 13. Qe3+ Ne7 14. Rxd5 0-0 15. Bc4 Kg7 16. Rd2 Nf5 17. Qd3 c6 18. Ba6 d5 19. Bxc8 Raxc8 20. Re1 Nd6 21. Rde2 Qf4+ 22. Kb1 Ne4 23. Nd4 Nc5 24. Qc3 Kg8 25. Re7 Ne4 26. R1xe4 dxe4 27. Nf5 Rf7 28. Rxf7 Kxf7 29. Qg7+ Ke6 30. Qe7+ Kxf5 31. Qd7+ Kg5 32. Qxc8 Qxf2 33. Qd8+ Kh6 34. b3 e3 35. g3 g5 36. g4 Qf4 37. Qd7 Qe5 38. Qd8 e2 39. Qf8+ Kg6 40. Qg8+ Kf6 41. Qh8+ Ke6 42. Qe8+ Kd5 43. Qd8+ Ke4 44. Qd3+ 1/2-1/2

[Event "Box Hill op"]
[Site "Box Hill"]
[Date "2019.10.25"]
[Round "2"]
[White "Bao, Kevin"]
[Black "Menezes, Eric"]
[Result "0-1"]
[WhiteElo "1210"]
[BlackElo "1562"]
[PlyCount "144"]
[EventDate "2019.10.18"]
[EventType "swiss"]
[EventRounds "9"]
[EventCountry "AUS"]
[SourceTitle "EXT 2021"]
[Source "ChessBase"]
[SourceDate "2020.10.23"]
[SourceVersion "1"]
[SourceVersionDate "2020.10.23"]
[SourceQuality "1"]

1. e4 d6 2. d4 Nf6 3. Nc3 e5 4. dxe5 dxe5 5. Qxd8+ Kxd8 6. Bg5 Nbd7 7. Nf3 Be7 8. Bxf6 Bxf6 9. Nd5 c6 10. Nxf6 gxf6 11. Nh4 Nc5 12. 0-0-0+ Ke7 13. f3 Be6 14. b3 a5 15. g4 h5 16. Nf5+ Bxf5 17. gxf5 Rhg8 18. Bc4 b5 19. Bd3 Rg2 20. Rd2 Rag8 21. Bf1 R2g5 22. c3 Nd7 23. b4 axb4 24. cxb4 Nf8 25. Rc2 Nh7 26. Kb2 Kd6 27. Bh3 Rg1 28. Rxg1 Rxg1 29. Bg2 h4 30. Re2 Ng5 31. h3 c5 32. a3 c4 33. Kc2 Ra1 34. Kb2 Rd1 35. Kc2 Ra1 36. Kb2 Rg1 37. Kc2 Nh7 38. Kc3 Rd1 39. Rd2+ Rxd2 40. Kxd2 Kc6 41. Kc3 Nf8 42. Bf1 Nd7 43. Be2 Nb6 44. Bd1 Kd7 45. Kd2 Ke8 46. Ke3 Kf8 47. f4 Kg7 48. fxe5 fxe5 49. Kf3 Kh6 50. Kg4 c3 51. Kxh4 Nc4 52. a4 Nb2 53. Bc2 bxa4 54. b5 a3 55. b6 a2 56. b7 a1Q 57. b8Q Qe1+ 58. Kg4 Qe2+ 59. Kg3 Qe3+ 60. Kg2 Qd2+ 61. Kg3 Qe1+ 62. Kg4 Qg1+ 63. Kf3 Qh1+ 64. Kg3 Qe1+ 65. Kg2 Qd2+ 66. Kg3 Qf4+ 67. Kg2 Kg7 68. Qb3 Qd2+ 69. Kg3 Nd3 70. Qb1 Qf4+ 71. Kg2 Qf2+ 72. Kh1 Ne1 0-1